| 000 | 00806cam a22002051 4500 | ||
|---|---|---|---|
| 001 | 000001455 | ||
| 005 | 20200929145602.0 | ||
| 008 | 730924s1961 xx d 000 0 eng | ||
| 040 |
_aDO-SdBNP _bspa _cBNPHU |
||
| 082 |
_a546.2 _bxxx |
||
| 100 | 1 |
_aHaar, Lester. _94825 |
|
| 245 | 1 | 0 |
_aIdeal gas thermodynamic functions and isotope exchange functions for the diatomic hydrides, deuterides, and tritides / _c[by] Lester Haar, Abraham S. Friedman, and Charles W. Beckett. |
| 260 |
_aWashington, : _bU.S. Dept. of Commerce, National Bureau of Standards, _c1961. |
||
| 300 |
_aviii, 271 p. : _b(chiefly tables) ; _c27 cm. |
||
| 440 | 0 |
_aNational Bureau of Standards monograph 20 _94826 |
|
| 504 | _aBibliografía: p. 6. | ||
| 650 | 0 |
_aHydrides. _94827 |
|
| 650 | 0 |
_aDeuterides. _94828 |
|
| 650 | 0 |
_aTritides. _94829 |
|
| 999 |
_c1366 _d1366 |
||